000 00634nam a2200241Ia 4500
003 OSt
005 20221007110535.0
006 a|||||r|||| 00| 0
007 ta
008 221006b |||||||| |||| 00| 0 eng d
024 _a21,316
037 _cTextual
040 _aLCO
_cLCO
_beng
041 _2eng
_aeng
082 _aY:4:5(Z), M5
100 _aGandhi P.K. Ed.
_9707624
245 0 _aSocial Action Through law
260 _aNew
_bDelhi Concept Publishing Company India
_c1985
300 _a148
650 _aSOCIAL ACTION
942 _hY:4:5(Z), M5
_cTEXL
999 _c1190879
_d1190879